| 000 | 00752nam a2200241 a 4500 | ||
|---|---|---|---|
| 001 | 72955 | ||
| 003 | BD-RjUL | ||
| 005 | 20211209082330.0 | ||
| 008 | 170525s1953 enka 001 0 eng | ||
| 035 | _a(BD-RjUL)73173 | ||
| 040 |
_aDLC _cOC _dUk _dDLC _dBD-RjUL _beng |
||
| 041 | _aeng | ||
| 082 |
_223 _a535.352 _bBOF 1953 |
||
| 100 | 1 |
_aBowen, E. J. _q(Edmund John), _d1898-1980. _9215783 |
|
| 245 | 1 | 0 |
_aFluorescence of solutions / _cby E. J. Bowen and Frank Wokes. |
| 260 |
_aLondon ; _aNew York : _bLongmans, Green _cc1953. |
||
| 300 |
_avii, 91 p. : _bill. ; _c22 cm. |
||
| 500 | _aIncludes index. | ||
| 650 | 0 |
_aFluorescence. _9215784 |
|
| 650 | 0 |
_aSolution (Chemistry) _9170012 |
|
| 700 | 1 |
_aWokes, Frank, _ejoint author. _9215785 |
|
| 942 |
_2ddc _cBK |
||
| 999 |
_c72955 _d72955 |
||